Vizionárka
Rozprávanie Ruženy Bajcsy o jej živote. Silná žena, ktorá niekoľko rokov prežila v sirotinci, no napriek tomu vyštudovala Stanfordovu univerzitu a celú kariéru sa úspešne venuje robotike.
Uložené v:
| Hlavný autor: | |
|---|---|
| Ďalší autori: | |
| Médium: | Kapitola |
| Jazyk: | Slovak |
| Predmet: | |
| Tagy: |
Žiadne tagy, Buďte prvý, kto otaguje tento záznam!
|
MARC
| LEADER | 00000naa a2200000 4500 | ||
|---|---|---|---|
| 001 | 0211836 | ||
| 005 | 20231013091853.0 | ||
| 041 | 0 | |a slo | |
| 044 | |a SK | ||
| 245 | 1 | 0 | |a Vizionárka |c Tatiana Vavrová, Ružena Bajcsy |
| 520 | |a Rozprávanie Ruženy Bajcsy o jej živote. Silná žena, ktorá niekoľko rokov prežila v sirotinci, no napriek tomu vyštudovala Stanfordovu univerzitu a celú kariéru sa úspešne venuje robotike. | ||
| 610 | 2 | 0 | |a roboty |
| 610 | 2 | 0 | |a robotizácia |
| 610 | 2 | 0 | |a inteligencia umelá |
| 610 | 2 | 0 | |a veda |
| 610 | 2 | 0 | |a výskum |
| 610 | 2 | 0 | |a ženy |
| 100 | 1 | |a Vavrová, Tatiana | |
| 700 | 1 | |a Bajcsy, Ružena | |